000 00530cam a2200145 4500500
005 20260208010539.0
041 _afre
042 _adc
100 1 0 _aChapouthier, Georges
_eauthor
245 0 0 _aBertrand Vergely, La mort interdite, Paris, J.-C. Lattès, 2001, 303 p.
260 _c2005.
500 _a9
786 0 _nRevue philosophique de la France et de l'étranger | 130 | 1 | 2005-03-01 | p. 77o-130o | 0035-3833
856 4 1 _uhttps://shs.cairn.info/revue-philosophique-2005-1-page-77o?lang=fr&redirect-ssocas=7080
999 _c1657055
_d1657055